000 01239nam a2200289 a 4500
001 000030430
003 AM-YEHGA
005 20250618070934.0
008 980701s1981 ai |||||||||||arm d
040 _aAM-YeHGA
041 0 _aarm
100 1 _aԱբովյան, Խաչատուր Ավետիքի,
_d1809-1848
_991
245 1 0 _aՎերք Հայաստանի :
_bՈղբ հայրենասիրի: Պատմական վեպ /
_cԽ. Աբովյան; Խմբ. և առաջաբ. հեղ.՝ Պ. Հակոբյան; ԵՊՀ հրատ.
260 _aԵրևան :
_bԵՊՀ հրատ,
_c1981.
300 _a382 էջ ;
_c22 սմ.
440 0 _aՈւսանողի գրադարան
500 _aԾանոթագր., էջ՚ 316-351
500 _aԲառարան, էջ՝ 352-372
500 _aԱյբբենական ցանկ, էջ՝ 375-378
500 _aԳրաքննական կրճատումներ, էջ՝ 379-380
504 _aՄատենագիտ. տեղեկութ., էջ՝ 373-374
650 1 4 _aՀայ գրականություն
_xՊատմավեպ
700 1 _aՀակոբյան, Պիոն Հովսեփի,
_d1926-2000
_eխմբ.
_4edt
_eառաջաբ.
_4aui
_91206
710 2 _aԵրևանի պետական համալսարան
942 _2udc
_cBK
090 _c14123
999 _c14015
_d14015